Statistics for 10 Biggest Cities in Order: Spanish-Speaking

Click here to take the quiz!

General Stats

  • This quiz has been taken 52 times
  • The average score is 8 of 10

Answer Stats

# Answer % Correct
1Mexico City
100%
2Buenos Aires
91%
4Bogota
87%
6Madrid
85%
3Lima
85%
9Barcelona
77%
5Santiago
77%
7Guadalajara
70%
8Monterrey
64%
10Medellin
51%

Score Distribution

Percentile by Number Answered

Percent of People with Each Score

Your Score History

You have not taken this quiz